[Event "Tournoi Skype 011B"]
[Site "Skype"]
[Date "????.??.??"]
[Round "7.1"]
[White "Mulrooney, Justin"]
[Black "Briere, Jean"]
[Result "1-0"]
[WhiteElo "1465"]
[BlackElo "1451"]
[PlyCount "103"]

1. d4 Nf6 2. c4 e6 3. Nc3 Bb4 4. e3 O-O 5. Nf3 Ne4 6. Qc2 d5 7. Bd3 Bxc3+ 8.
bxc3 f5 9. O-O Nc6 10. cxd5 Qxd5 11. a3 b6 12. c4 Qd6 13. Bxe4 fxe4 14. Qxe4
Bb7 15. Ng5 g6 16. Qxe6+ Qxe6 17. Nxe6 Rfc8 18. Bd2 Ne7 19. Rfc1 Nf5 20. Rab1
Rab8 21. c5 Bd5 22. Nf4 Be4 23. Rb2 Re8 24. cxb6 cxb6 25. Rc7 Rb7 26. Rxb7 Bxb7
27. Rc2 Re7 28. h3 Be4 29. Rc3 Nh4 30. f3 Bb7 31. Kf2 Nf5 32. g4 Nh4 33. e4 Rf7
34. d5 g5 35. Ne6 Nxf3 36. Rxf3 Rxf3+ 37. Kxf3 h6 38. Be3 Bc8 39. Bd4 Bxe6 40.
dxe6 Kf8 41. Bf6 a6 42. Ke3 b5 43. Kd3 a5 44. Kc3 b4+ 45. axb4 axb4+ 46. Kxb4
Ke8 47. Kc5 Kf8 48. Kd6 Ke8 49. e5 Kf8 50. Kd7 h5 51. e7+ Kf7 52. e8=Q# 1-0

[Event "Tournoi Skype 011B"]
[Site "Skype"]
[Date "????.??.??"]
[Round "7.2"]
[White "Prasad Singh, Ambika"]
[Black "Martin, Jean-Claude"]
[Result "0-1"]
[WhiteElo "1284"]
[BlackElo "1272"]
[PlyCount "98"]

1. e4 e5 2. Bc4 Bc5 3. d3 d6 4. f4 Bxg1 5. Rxg1 Qh4+ 6. g3 Qxh2 7. Be3 exf4 8.
gxf4 Qh4+ 9. Kd2 Qf6 10. Nc3 Ne7 11. Qf3 g6 12. Raf1 Be6 13. Bxe6 Qxe6 14. f5
Qf6 15. e5 dxe5 16. Qxb7 Qc6 17. Qxc6+ Nbxc6 18. f6 Nf5 19. Bc5 Nd6 20. Nd5 Kd7
21. Be3 Rab8 22. b3 a6 23. c4 Nb4 24. Nxb4 Rxb4 25. Kc3 Rb7 26. a4 Rhb8 27. Rb1
Ke6 28. Rgf1 e4 29. d4 Nf5 30. Bg5 h6 31. Bf4 Kxf6 32. Be5+ Ke6 33. a5 f6 34.
Bh2 e3 35. Rfe1 Kd7 36. Re2 h5 37. Bf4 g5 38. Bxe3 Nxe3 39. Rxe3 Re8 40. Rbe1
Rxe3+ 41. Rxe3 Rb8 42. b4 c6 43. c5 g4 44. Kc4 h4 45. Re4 f5 46. Rf4 Ke6 47.
Rf1 h3 48. Rd1 h2 49. d5+ cxd5+ 0-1

[Event "Tournoi Skype 011B"]
[Site "Skype"]
[Date "????.??.??"]
[Round "7.3"]
[White "Gerbaux, Regis"]
[Black "Ramirez Reina, Orlando"]
[Result "0-1"]
[WhiteElo "1436"]
[BlackElo "1447"]
[PlyCount "61"]

1. e4 d6 2. Nf3 Nf6 3. Nc3 g6 4. Bb5+ Bd7 5. O-O Bg7 6. d4 O-O 7. Bc4 Bg4 8.
Be2 Bxf3 9. Bxf3 e5 10. dxe5 dxe5 11. Nd5 Nbd7 12. Be3 c6 13. Nb4 Nb6 14. b3
Qc7 15. h3 Rfd8 16. Qe2 h5 17. Rad1 a5 18. Nd3 Nbd7 19. Rd2 Nf8 20. Rfd1 Ne6
21. Nc5 Nxc5 22. Bxc5 Bh6 23. Be3 Rxd2 24. Rxd2 Bxe3 25. Qxe3 Kg7 26. g4 hxg4
27. hxg4 Rd8 28. g5 Nh7 29. Rxd8 Qxd8 30. Bg4 Nxg5 31. Qxg5 0-1

[Event "Tournoi Skype 011B"]
[Site "Skype"]
[Date "????.??.??"]
[Round "7.4"]
[White "Hargez, Dany"]
[Black "Sauvaget, Joel"]
[Result "1-0"]
[WhiteElo "1476"]
[BlackElo "1399"]
[PlyCount "125"]

1. e4 e5 2. Nf3 Nc6 3. d4 exd4 4. Bc4 Bb4+ 5. Bd2 Bc5 6. O-O d6 7. c3 h6 8. Bb5
Bd7 9. Bxc6 Bxc6 10. Re1 Ne7 11. Bf4 O-O 12. cxd4 Bb6 13. Nc3 Ng6 14. Bg3 a6
15. h4 Qc8 16. h5 Nh8 17. Nh4 Ba5 18. Nf5 Bxc3 19. bxc3 Re8 20. Qg4 g6 21.
Nxh6+ Kh7 22. hxg6+ Kxh6 23. Bf4+ Kg7 24. Qg5 Nxg6 25. Re3 Rh8 26. Rf3 Qg8 27.
Bg3 Re8 28. d5 Bb5 29. Re1 Qh7 30. Qf6+ Kg8 31. Bh4 Qg7 32. Qxg7+ Kxg7 33. Bf6+
Kg8 34. Bxh8 Nxh8 35. Ree3 Ng6 36. Rg3 Kg7 37. f4 Kf8 38. f5 Ne7 39. Rh3 Nxf5
40. Rh8+ Ke7 41. exf5+ Kd8 42. Rhxe8+ Bxe8 43. f6 c5 44. Re7 b5 45. Ra7 Bd7 46.
Rxa6 Kc7 47. Ra7+ Kd8 48. Kf2 b4 49. cxb4 cxb4 50. Kf3 Be8 51. Ra6 Kc7 52. g4
Bb5 53. Ra7+ Kd8 54. Rxf7 Bc4 55. Rb7 Bxd5+ 56. Kf4 Bxb7 57. Kg5 Bd5 58. Kg6
Ke8 59. Kg7 Bxa2 60. g5 Be6 61. g6 b3 62. f7+ Bxf7 63. gxf7+ 1-0

[Event "Tournoi Skype 011B"]
[Site "Skype"]
[Date "????.??.??"]
[Round "7.5"]
[White "Gharbi, Said"]
[Black "Mordaa, Ahmad"]
[Result "1-0"]
[WhiteElo "1355"]
[BlackElo "1426"]
[PlyCount "47"]

1. e4 c5 2. Nf3 Nc6 3. Bb5 a6 4. Bxc6 bxc6 5. d4 cxd4 6. Qxd4 d6 7. e5 c5 8.
Qc4 e6 9. O-O d5 10. Qg4 Ne7 11. Bg5 h6 12. Bxe7 Qxe7 13. Nbd2 g6 14. c3 a5 15.
c4 d4 16. Ne4 Bg7 17. Nd6+ Kd8 18. Qe4 Rb8 19. Qc6 Bd7 20. Qxc5 Bc8 21. Qxa5+
Kd7 22. Qa7+ Bb7 23. Nxb7 Kc7 24. Nc5+ 1-0

[Event "Tournoi Skype 011B"]
[Site "Skype"]
[Date "????.??.??"]
[Round "7.6"]
[White "Gabriele, Noel"]
[Black "Cockayne, Curtis"]
[Result "0-1"]
[WhiteElo "1339"]
[BlackElo "1399"]
[PlyCount "44"]

1. e4 e5 2. Nf3 Nc6 3. Nc3 Nf6 4. d4 exd4 5. Nxd4 Bc5 6. Nf3 O-O 7. Bc4 h6 8.
O-O a6 9. e5 Ng4 10. h3 Ngxe5 11. Bb3 Qf6 12. Ne4 Qg6 13. Nxc5 d6 14. Nd3 Bxh3
15. Nf4 Qf6 16. Nxh3 Rae8 17. Nf4 Nb4 18. a3 Nbc6 19. Nd5 Qf5 20. Nxc7 Re7 21.
Qxd6 Rd7 22. Qxe5 Nxe5 0-1

[Event "Tournoi Skype 011B"]
[Site "Skype"]
[Date "????.??.??"]
[Round "7.7"]
[White "Rugman, Dan"]
[Black "Vervoort, Jean-Louis"]
[Result "1-0"]
[WhiteElo "1399"]
[BlackElo "1291"]
[PlyCount "47"]

1. c4 e5 2. Nc3 c5 3. e4 d6 4. g3 Nf6 5. Bg2 Be7 6. Nge2 O-O 7. O-O Nc6 8. d3
h6 9. f3 Be6 10. Be3 Qd7 11. Nd5 Bxd5 12. cxd5 Nd4 13. Qd2 Rac8 14. f4 Nxe2+
15. Qxe2 exf4 16. Rxf4 Qb5 17. Rh4 c4 18. Bxh6 gxh6 19. Rxh6 cxd3 20. Qd2 Ng4
21. Bh3 Nxh6 22. Qxh6 Rc2 23. Bf5 Qxb2 24. Qh7# 1-0

[Event "Tournoi Skype 011B"]
[Site "Skype"]
[Date "????.??.??"]
[Round "7.8"]
[White "Baker, Abi"]
[Black "Cossalter, Maurizio"]
[Result "0-1"]
[WhiteElo "1034"]
[BlackElo "1387"]
[PlyCount "90"]

1. c4 e6 2. Nc3 c5 3. g3 Nc6 4. Bg2 Nf6 5. d3 Be7 6. f4 d6 7. e4 O-O 8. Nf3 Bd7
9. O-O Rb8 10. e5 dxe5 11. fxe5 Ng4 12. Bg5 Bxg5 13. Nxg5 Qxg5 14. Re1 Ncxe5
15. Ne4 Qh6 16. h3 Ne3 17. Qd2 Nxg2 18. Qxh6 gxh6 19. Kxg2 Nxd3 20. Nf6+ Kh8
21. Red1 Bc6+ 22. Kf1 Rbd8 23. b3 Kg7 24. Nh5+ Kg6 25. g4 Ne5 26. Re1 Nd7 27.
Re2 f5 28. Rxe6+ Kg5 29. Kg1 fxg4 30. hxg4 Kxg4 31. Rxh6 Rf7 32. Re1 Rg8 33.
Kh2 Rf2+ 34. Kg1 Rg2+ 35. Kh1 Re2+ 36. Kg1 Rxe1+ 37. Kf2 Rh1 38. Nf6+ Nxf6 39.
Rxh1 Bxh1 40. Ke3 Rd8 41. a4 Kf5 42. a5 Ng4+ 43. Ke2 Ke4 44. Kf1 Kf3 45. Kg1
Rd1# 0-1

[Event "Tournoi Skype 011B"]
[Site "Skype"]
[Date "????.??.??"]
[Round "7.9"]
[White "Milanese, Serge"]
[Black "Capdeville, Jean"]
[Result "0-1"]
[WhiteElo "1289"]
[BlackElo "1384"]
[PlyCount "86"]

1. e4 e5 2. Nf3 d6 3. h3 Nd7 4. c3 Be7 5. Bc4 h6 6. d3 c6 7. Be3 b5 8. Bb3 a5
9. h4 a4 10. Bxf7+ Kxf7 11. b4 Ngf6 12. Nh2 Nb6 13. d4 Be6 14. Nd2 g6 15. dxe5
dxe5 16. f4 Nbd7 17. fxe5 Nxe5 18. Rf1 Kg7 19. Bd4 Bd6 20. Bxe5 Bxe5 21. Qc2
Bxh2 22. O-O-O Rf8 23. Nf3 Bf4+ 24. Nd2 Qd6 25. e5 Bxe5 26. Ne4 Qe7 27. Nxf6
Rxf6 28. Qe4 Bb3 29. Rxf6 Qxf6 30. axb3 Qf4+ 31. Qxf4 Bxf4+ 32. Kb2 a3+ 33. Ka2
Ra7 34. Rd8 Kf7 35. Rc8 Rc7 36. Rxc7+ Bxc7 37. Kxa3 g5 38. hxg5 hxg5 39. g4 Ke6
40. c4 bxc4 41. bxc4 Kd6 42. c5+ Kd5 43. Ka4 Kc4 0-1

[Event "Tournoi Skype 011B"]
[Site "Skype"]
[Date "????.??.??"]
[Round "7.10"]
[White "Raheja, Shiv"]
[Black "Porcabeuf, Jean-Marc"]
[Result "1-0"]
[WhiteElo "1303"]
[BlackElo "1360"]
[PlyCount "69"]

1. e4 e6 2. Nf3 d5 3. e5 c5 4. Nc3 a6 5. Be2 Ne7 6. d3 Ng6 7. a3 Be7 8. d4 O-O
9. Na4 Qa5+ 10. Nc3 Qc7 11. Be3 c4 12. O-O Nd7 13. Nb1 b5 14. Nbd2 Bb7 15. b3
f6 16. bxc4 bxc4 17. c3 fxe5 18. Nxe5 Ndxe5 19. dxe5 Qxe5 20. Bd4 Qg5 21. Nf3
Nf4 22. Nxg5 Bxg5 23. Be5 d4 24. cxd4 Bxg2 25. Re1 Nh3+ 26. Kxg2 Nxf2 27. Qc2
Rf5 28. Bxc4 Raf8 29. Bxe6+ Kh8 30. Bxf5 Rxf5 31. Rab1 h6 32. Rb7 Bh4 33. Bxg7+
Kg8 34. Bxh6 Rf6 35. Re8+ 1-0

[Event "Tournoi Skype 011B"]
[Site "Skype"]
[Date "????.??.??"]
[Round "7.11"]
[White "Prasad, Sanjay"]
[Black "Tamditi, Ibrahim"]
[Result "1-0"]
[WhiteElo "1439"]
[BlackElo "1179"]
[PlyCount "57"]

1. c4 e5 2. e4 Nf6 3. d3 Bb4+ 4. Bd2 Bxd2+ 5. Qxd2 O-O 6. Be2 c5 7. Nf3 Nc6 8.
O-O d6 9. h3 a6 10. a3 Be6 11. Nc3 Qa5 12. Nd5 Qxd2 13. Nxf6+ gxf6 14. Nxd2 Nd4
15. Bd1 f5 16. exf5 Bxf5 17. Ne4 Rad8 18. b4 Kh8 19. bxc5 dxc5 20. Nxc5 Bxd3
21. Nxd3 Rg8 22. Nxe5 Rg7 23. Re1 f6 24. Nf3 Nxf3+ 25. Bxf3 Rc8 26. Bd5 Rc5 27.
Re3 b5 28. Re8+ Rg8 29. Rxg8# 1-0

[Event "Tournoi Skype 011B"]
[Site "Skype"]
[Date "????.??.??"]
[Round "7.13"]
[White "Picard, Mario"]
[Black "Coruble, Didier"]
[Result "0-1"]
[WhiteElo "1277"]
[BlackElo "1430"]
[PlyCount "38"]

1. Nf3 Nc6 2. e4 d6 3. Nc3 a6 4. g3 e5 5. Bg2 Bg4 6. Nd5 Nf6 7. Nxf6+ Qxf6 8.
O-O Nd4 9. c3 Nxf3+ 10. Bxf3 Bxf3 11. Qc2 Be2 12. Re1 Bb5 13. d3 h6 14. c4 Bd7
15. Be3 Bh3 16. Rad1 Qf3 17. Qa4+ c6 18. Qxc6+ bxc6 19. Bf4 Qg2# 0-1

[Event "Tournoi Skype 011B"]
[Site "Skype"]
[Date "????.??.??"]
[Round "7.17"]
[White "Farthouat, Titoine"]
[Black "Martin, Elise"]
[Result "0-1"]
[WhiteElo "1150"]
[BlackElo "1217"]
[PlyCount "54"]

1. e4 e5 2. Nf3 Nc6 3. Bb5 Bc5 4. Bxc6 dxc6 5. Nxe5 Qe7 6. d4 Bb4+ 7. Bd2 Bd6
8. Nf3 Qxe4+ 9. Be3 Bg4 10. Nbd2 Qe7 11. O-O O-O-O 12. Re1 Qd7 13. Bg5 Re8 14.
Rxe8+ Qxe8 15. Qe1 Qd7 16. Qe3 Kb8 17. Re1 h6 18. Qe8+ Qc8 19. Qxf7 hxg5 20.
Re8 a6 21. Rxc8+ Bxc8 22. Qxg7 Rh5 23. Qxg8 g4 24. Qg6 Ra5 25. Ne4 Rxa2 26.
Nxd6 Ra1+ 27. Ne1 Rxe1# 0-1

[Event "Tournoi Skype 011B"]
[Site "Skype"]
[Date "????.??.??"]
[Round "7.18"]
[White "Ouellet, Emile"]
[Black "Alverson, Ginny"]
[Result "1-0"]
[WhiteElo "1302"]
[BlackElo "1313"]
[PlyCount "61"]

1. e4 c5 2. c4 Nc6 3. Nc3 Nf6 4. Nf3 d6 5. h3 e5 6. b3 Be7 7. Be2 O-O 8. O-O
Be6 9. Bb2 Nd4 10. Nxd4 cxd4 11. Nb5 a6 12. Na3 Nxe4 13. d3 Nc3 14. Bxc3 dxc3
15. Nc2 Bf5 16. Ne3 Bg6 17. f3 Bg5 18. Nd5 Rc8 19. Nxc3 d5 20. Nxd5 Rc5 21. d4
exd4 22. Qxd4 Rxd5 23. cxd5 Re8 24. f4 Rxe2 25. Rfe1 Rc2 26. Rac1 Rxc1 27. Rxc1
Bf6 28. Qc5 h5 29. d6 Bh4 30. Qc8 Bf2+ 31. Kxf2 1-0

[Event "Tournoi Skype 011B"]
[Site "Skype"]
[Date "????.??.??"]
[Round "7.19"]
[White "Dupere, Francois"]
[Black "Rival, Jocelyn"]
[Result "1-0"]
[WhiteElo "1205"]
[BlackElo "1122"]
[PlyCount "55"]

1. e4 e5 2. Bc4 d5 3. exd5 Nf6 4. d3 Be7 5. Nf3 Nc6 6. Bb5 Bd7 7. Nc3 Bb4 8.
dxc6 Bxc6 9. O-O Qe7 10. Bxc6+ bxc6 11. Re1 O-O 12. Rxe5 Qd7 13. Bf4 Rae8 14.
Qe2 Nd5 15. Nxd5 cxd5 16. c3 Bd6 17. Rxe8 Rxe8 18. Qd2 Qe6 19. Bxd6 Qxd6 20. h3
Qe6 21. Re1 c6 22. Rxe6 Rxe6 23. Qf4 g5 24. Qb8+ Kg7 25. Nxg5 Rg6 26. h4 f6 27.
Qxa7+ Kh6 28. Qxh7# 1-0

[Event "Tournoi Skype 011B"]
[Site "Skype"]
[Date "????.??.??"]
[Round "7.20"]
[White "Pedneault, Anne-Frederique"]
[Black "Lecluyse, Koenraad"]
[Result "1-0"]
[WhiteElo "1066"]
[BlackElo "1180"]
[PlyCount "35"]

1. e4 e5 2. Nf3 Nc6 3. d4 exd4 4. Nxd4 Nxd4 5. Qxd4 d6 6. Nc3 g6 7. Bc4 c5 8.
Qd5 Qe7 9. O-O Be6 10. Qd3 Bxc4 11. Qxc4 Nf6 12. Bg5 Bg7 13. Rfe1 O-O 14. e5
dxe5 15. Rad1 b6 16. Nd5 Qd6 17. Nxf6+ Bxf6 18. Rxd6 1-0

[Event "Tournoi Skype 011B"]
[Site "Skype"]
[Date "????.??.??"]
[Round "7.21"]
[White "Coude, Josue"]
[Black "Melin, Christiane"]
[Result "1-0"]
[WhiteElo "1104"]
[BlackElo "1165"]
[PlyCount "47"]

1. Nf3 d5 2. d4 e6 3. e3 Bb4+ 4. c3 Ba5 5. Bd3 Nf6 6. b4 Bb6 7. O-O O-O 8. Ba3
Nc6 9. b5 Ne7 10. Qd2 Ng6 11. Bxf8 Kxf8 12. Ng5 h6 13. Nf3 Qe8 14. a4 Ng4 15.
h3 Nf6 16. a5 Bc5 17. dxc5 Nf4 18. exf4 e5 19. fxe5 Bf5 20. Bxf5 Qxb5 21. Re1
Rd8 22. exf6 gxf6 23. Qd4 Qxa5 24. Rxa5 1-0

[Event "Tournoi Skype 011B"]
[Site "Skype"]
[Date "????.??.??"]
[Round "7.22"]
[White "Steenkamp, Brandt"]
[Black "Grib, Jessica"]
[Result "1-0"]
[WhiteElo "1430"]
[BlackElo "1199"]
[PlyCount "35"]

1. e4 e5 2. Nf3 Nc6 3. Bb5 a6 4. Ba4 b5 5. Bb3 Qf6 6. O-O Bb7 7. Nc3 Bb4 8. Nd5
Qd6 9. d4 Nf6 10. dxe5 Nxe5 11. Bf4 O-O 12. Bxe5 Qe7 13. Nxe7+ Kh8 14. Bxf6
gxf6 15. Nf5 Bxe4 16. Qd4 Bxf5 17. Qxf6+ Kg8 18. Qxf5 1-0

[Event "Tournoi Skype 011B"]
[Site "Skype"]
[Date "????.??.??"]
[Round "7.23"]
[White "Farthouat, Catherine"]
[Black "Gagnon, Sindy"]
[Result "1-0"]
[WhiteElo "1010"]
[BlackElo "1012"]
[PlyCount "81"]

1. e4 e5 2. Nf3 Nf6 3. Nxe5 Nxe4 4. Qe2 Ng5 5. Nc6+ Qe7 6. Nxe7 Bxe7 7. Nc3 O-O
8. Qxe7 Nc6 9. Qxg5 b6 10. Bd3 h6 11. Qf5 Re8+ 12. Be4 d5 13. Nxd5 Bxf5 14.
Nxc7 Rxe4+ 15. Kf1 Rf8 16. d3 Re7 17. Nb5 Be6 18. Bf4 Rd7 19. Re1 a6 20. Nc3
Nb4 21. Rc1 b5 22. a3 Nc6 23. Rd1 Bg4 24. f3 Bf5 25. a4 b4 26. Na2 Re7 27. Bd6
Re2 28. Bxf8 Kxf8 29. Kxe2 Nd4+ 30. Kd2 g5 31. Nxb4 h5 32. Rde1 Kg7 33. Re5 Bd7
34. Rxg5+ Kf6 35. Rd5 Bxa4 36. Rxd4 Ke5 37. Rh4 a5 38. Rxh5+ f5 39. Re1+ Kd4
40. Rxf5 axb4 41. Re4# 1-0

[Event "Tournoi Skype 011B"]
[Site "Skype"]
[Date "????.??.??"]
[Round "7.24"]
[White "Letourneau, Judith"]
[Black "Marty, Yvette"]
[Result "0-1"]
[WhiteElo "1000"]
[BlackElo "1000"]
[PlyCount "54"]

1. e4 e5 2. Nf3 Nc6 3. d4 d6 4. Bb5 Nge7 5. O-O g6 6. Bg5 Bg4 7. Nc3 Qd7 8.
Bxc6 Qxc6 9. Qd2 Qd7 10. Nxe5 dxe5 11. dxe5 Nc6 12. Qe3 Nxe5 13. Rad1 Bxd1 14.
Rxd1 Qc6 15. a4 h6 16. Bf4 Ng4 17. h3 Nxe3 18. Re1 Nxc2 19. Rc1 Qxc3 20. bxc3
O-O-O 21. Rxc2 g5 22. Be5 f6 23. Bxf6 Rh7 24. Bxd8 Kxd8 25. Rd2+ Rd7 26. Re2
Rd1+ 27. Kh2 Bd6+ 0-1